• Orme (Le)

di Personal Name

Records bibliografici associati: 1

001 - CONTROL NUMBER

  • control field: 5230

003 - CONTROL NUMBER IDENTIFIER

  • control field: IT-RoPau

005 - DATE AND TIME OF LATEST TRANSACTION

  • control field: 20131214164322.0

008 - FIXED-LENGTH DATA ELEMENTS

  • fixed length control field: 131214|| aca||aabn | a|a d

040 ## - CATALOGING SOURCE

  • Original cataloging agency: IT-RoPau
  • Transcribing agency: IT-RoPau

100 ## - HEADING--PERSONAL NAME

  • Personal name: Orme (Le)
  • Miscellaneous information: Codice autore testo/musica e inteprete SPICS: 11048
  • Relator term: Autore testo/musica e inteprete
  • Name of part/section of a work: Marinai

670 ## - SOURCE DATA FOUND

  • Source citation: Work cat.: (IT-RoPau)99115: AA.VV. 794, Festival di Sanremo 1982-Serata finale
CREDITS: SOCIETA' SAN PAOLO Via A.Severo, 58 - ROMA (RM) & PERIODICI SAN PAOLO SRL Via Giotto, 36 MILANO & CISF Via Giotto, 36 MILANO & EDIZIONI SAN PAOLO SRL,  Piazza Soncino, 5 CINISELLO BALSAMO (MI) -- ITALY